00331nam a2200109 a 450000500170000000800410001702000180005805000180007610000200009424500730011426000340018720140412111419.0070906s19uu xx 00 eng d a971-508-208-4 aBBbBa17 2003 aCanon, Kristine aBakit matagal ang sundo ko? :bWhy is mommy late? /cKristine Canon. aPhilippines :bAdarna,c2003.